[Event "Diamond Cement GM Open 2018"]
[Site "Chittagong"]
[Date "2018.09.05"]
[Round "5"]
[White "Lalith Babu M R"]
[Black "Dhulipalla Bala Chandra Prasa"]
[Result "*"]
[WhiteElo "2527"]
[BlackElo "2352"]
[Annotator "TA"]
[PlyCount "45"]
[EventDate "2018.09.02"]
[EventCountry "BAN"]
[SourceTitle "playchess.com"]
[Source "ChessBase"]
[SourceQuality "1"]

{[%evp 20,45,34,40,47,39,33,29,29,36,47,22,29,0,0,0,29,27,32,-18,0,0,0,0,0,-14,-10,-27]} 1. d4 d5 2. c4 c6 3. Nc3 Nf6 4. cxd5 cxd5 5. Bf4 Nc6 6. e3 a6 7. Bd3 e6 8. Rc1 Bd6 9. Bxd6 {D10: Slav Defence: 3 cxd5 (without early Nf3) and 3 Nc3} Qxd6 10. f4 Ne7 (10... O-O 11. Nf3 Bd7 12. Ne5 Rfc8 13. O-O Be8 14. g4 Nd7 15. g5 Ne7 16. Qf3 b5 {0-1 (35) Volkov,S (2627)-Cori Tello,J (2636) Sitges 2017}) 11. Nf3 {LiveBook: 3 Games. White is slightly better.} Nf5 12. Qd2 Ng4 $146 ({Predecessor:} 12... O-O 13. O-O b6 14. Ne5 g6 15. g4 Ng7 16. Rf2 Bd7 {1-0 (32) Castrillon Otero,J (2001)-Roa Ribera,A (1879) Barcelona 2018}) 13. e4 dxe4 $1 14. Nxe4 Qd8 15. h3 Nge3 16. Kf2 {[#] Black must now prevent g4.} Nd5 $1 17. Nc3 {aiming for Bxf5.} O-O 18. Nxd5 Qxd5 19. Rc5 Qd6 {The position is equal.} 20. Be4 Rd8 21. Rhc1 Rb8 22. b3 Bd7 23. Bxf5 {Precision: White = 46%, Black = 58%.} *

[Event "Diamond Cement GM Open 2018"]
[Site "Chittagong"]
[Date "2018.09.05"]
[Round "5"]
[White "Rahman, Ziaur"]
[Black "Mollah Abdullah, Al Rakib"]
[Result "1-0"]
[WhiteElo "2477"]
[BlackElo "2472"]
[Annotator "TA"]
[PlyCount "71"]
[EventDate "2018.09.02"]
[EventCountry "BAN"]
[SourceTitle "playchess.com"]
[Source "ChessBase"]
[SourceQuality "1"]

{[%evp 15,71,25,54,25,33,26,32,12,20,17,27,22,22,24,23,25,43,14,17,0,6,7,0,3,4,0,2,-8,0,-37,0,0,0,0,47,55,54,50,33,0,0,0,0,0,12,12,12,13,15,16,15,16,98,117,204,229,456,443]} 1. d4 Nf6 2. Bg5 Ne4 3. Bf4 c5 4. f3 Nf6 5. dxc5 b6 6. e4 {A45: Trompowsky Attack} bxc5 7. Nc3 Nc6 8. Bc4 (8. Qd2 e5 9. Bg5 Be7 10. Bb5 Nd4 11. Bc4 Rb8 12. b3 h6 13. Be3 d6 {0-1 (59) Fridman,D (2645)-Gashimov,V (2719) Mainz 2010}) 8... g6 {LiveBook: 4 Games} 9. Nge2 Bg7 10. Qd2 O-O 11. O-O d6 12. Rad1 $146 ({Predecessor:} 12. b3 Qa5 13. Rad1 Rb8 {½-½ (33) Demian,M (2285)-Hudak,D (2251) ICCF email 2009}) 12... Qb6 13. b3 Be6 14. Bxe6 fxe6 15. Na4 Qb4 16. Qd3 Nd7 17. Bd2 Nde5 18. Qa6 Nb8 $1 {[%cal Bc6b8,Bb8a6,Ba6b4][%mdl 32]} 19. Bxb4 Nxa6 20. Bd2 Rab8 21. Nf4 {[%cal Be2f4,Bf4h3,Bh3g5][%mdl 32]} Kf7 22. h4 Nb4 23. c3 Nbc6 24. Nh3 Bf6 25. f4 Ng4 {[#]} 26. e5 $1 {[%mdl 512]} Bxh4 (26... dxe5 27. Nxc5) 27. g3 Bxg3 {Hoping for ...Nh2.} 28. Ng5+ Kg8 {Threatens to win with ...Nh2.} 29. Kg2 $36 {[%cal Bg1g2,Bg2h3,Bh3h4][%mdl 2080] White is pushing.} Bh4 {White must now prevent ...Bxg5.} 30. Nxe6 Rf5 31. Kh3 Nf2+ 32. Kxh4 Nxd1 33. Rxd1 h6 {[#]} (33... c4 $11 {keeps the balance.}) 34. exd6 $1 $16 Rd5 (34... exd6 $16 35. Be1 Na5) 35. Nexc5 $18 exd6 $2 (35... Rxd6 36. Ne4 Rd5) 36. Nd7 {Precision: White = 63%, Black = 48%.} 1-0

[Event "Diamond Cement GM Open 2018"]
[Site "Chittagong"]
[Date "2018.09.05"]
[Round "5"]
[White "Barua, Dibyendu"]
[Black "Mohammed Abdul, Malek"]
[Result "0-1"]
[WhiteElo "2443"]
[BlackElo "2186"]
[Annotator "TA"]
[PlyCount "67"]
[EventDate "2018.09.02"]
[EventCountry "BAN"]
[SourceTitle "playchess.com"]
[Source "ChessBase"]
[SourceQuality "1"]

{[%evp 19,67,-49,-43,-55,-33,-36,-20,-155,-138,-170,-19,-11,-17,-2,0,-1,0,-4,36,28,36,33,71,67,63,61,72,85,85,95,119,106,141,77,93,85,106,106,118,0,-6,0,244,240,237,106,114,-29996,-29997,-29998]} 1. e4 c6 2. d4 d5 3. exd5 cxd5 4. c4 Nf6 5. Nc3 Nc6 {[%cal Bb8c6,Bc6e5,Be5g4][%mdl 32]} 6. Bg5 Ne4 7. Nxe4 {B13: Caro-Kann: Exchange Variation and Panov-Botvinnik Attack} dxe4 8. d5 Ne5 9. Qd4 (9. Qb3 f6 10. Be3 Qa5+ 11. Bd2 Qc7 12. f3 exf3 13. Nxf3 Nxf3+ 14. Qxf3 Qe5+ {½-½ (43) Naiditsch,A (2712)-Grachev,B (2672) Sibenik 2012}) 9... f6 10. Bf4 Ng4 {[#] LiveBook: 6 Games. Hoping for ...e5.} 11. Qxe4 Qb6 12. Qe2 e5 $1 13. dxe6 $146 (13. f3 $11 Kf7 14. Bd2) ({Predecessor:} 13. h3 Bb4+ 14. Bd2 Nxf2 15. Qxf2 Qxf2+ 16. Kxf2 Bxd2 {1-0 (41) Velcheva,M (2259)-Nestorova Petrova,L (2035) Sunny Beach 2012}) 13... Bb4+ $17 ({Reject} 13... Qxe6 $6 14. Nh3 $11) 14. Bd2 Bxd2+ $2 (14... Bxe6 $19 15. O-O-O O-O-O 16. Bxb4 Rxd1+ 17. Qxd1 Qxb4) 15. Qxd2 $11 Bxe6 {Strongly threatening ...Rd8.} 16. Nh3 $1 O-O {White must now prevent ...Rad8.} 17. Be2 $1 Ne5 18. Qc3 Bxh3 19. gxh3 Rad8 20. O-O Ng6 21. c5 Qc7 22. Rfe1 Kh8 23. Rad1 Nf4 24. Bf1 h5 25. b4 Rde8 26. Bb5 (26. h4 $142) 26... Re5 27. Qf3 b6 28. Rxe5 Qxe5 29. Bd7 ({Better is} 29. Bf1 $16) 29... bxc5 30. bxc5 Qg5+ $2 (30... Rb8 $1 $11) 31. Kh1 $18 Rb8 32. c6 (32. Qe4 $18 f5 33. Qf3 (33. Bxf5 Rf8 $18)) 32... Qe5 $16 33. Qe3 $2 {[%mdl 8192] [#]} (33. h4 $16) 33... Qd5+ $1 {[%mdl 512]} 34. Qf3 {Precision: White = 38%, Black = 41%.} (34. Rxd5 Rb1+) 0-1

[Event "Diamond Cement GM Open 2018"]
[Site "Chittagong"]
[Date "2018.09.05"]
[Round "5"]
[White "Murshed, Niaz"]
[Black "Mohammad Fahad, Rahman"]
[Result "1/2-1/2"]
[WhiteElo "2408"]
[BlackElo "2263"]
[Annotator "TA"]
[PlyCount "96"]
[EventDate "2018.09.02"]
[EventCountry "BAN"]
[SourceTitle "playchess.com"]
[Source "ChessBase"]
[SourceQuality "1"]

{[%evp 12,96,21,17,32,16,25,27,20,0,0,-12,-12,-15,-4,-3,2,7,0,1,16,11,14,14,14,14,28,7,14,12,14,3,18,18,19,17,43,33,42,32,45,44,70,70,70,70,70,70,70,56,56,42,44,32,40,40,50,26,26,19,47,48,48,48,48,33,49,49,74,74,74,75,893,79,886,83,1065,70,780,552,507,-12840,1777,49,1391,44,1393]} 1. Nf3 Nf6 2. c4 g6 3. b3 Bg7 4. Bb2 O-O 5. d4 c6 6. Nc3 d5 7. e3 {LiveBook: 17 Games} Nbd7 {[%cal Bb8d7,Bd7c5,Bc5d3][%mdl 32] A11: English Opening: 1...c6} (7... e6 8. Be2 b6 9. O-O Bb7 10. cxd5 exd5 11. b4 Nbd7 12. Nd2 a5 13. a3 b5 14. Nb3 a4 15. Nc1 {0-1 (60) Nakamura,H (2793)-Caruana,F (2787) Saint Louis 2015 CBM 169 Extra [Ramirez Alvarez,Alejandro]}) 8. cxd5 Nxd5 9. Nxd5 cxd5 {White has an edge.} 10. Bd3 $146 ({Predecessor:} 10. Be2 Nf6 11. O-O Bf5 12. Qd2 Qb6 13. Ba3 Ne4 14. Qb4 Qxb4 15. Bxb4 {½-½ (30) Ager,J (2142)-Srienz,C (2214) Bregenz 2016}) 10... Nc5 11. O-O Nxd3 12. Qxd3 Bf5 13. Qb5 Qd7 14. Qxd7 Bxd7 15. Ba3 Rfe8 16. Rfc1 Bc6 17. Ne5 Bxe5 $1 18. dxe5 Rac8 19. Kf1 Bb5+ 20. Ke1 Kf8 21. Kd2 Red8 22. Bc5 b6 23. Bd4 Ba6 24. a4 Rxc1 25. Rxc1 $14 {[%mdl 4096] Endgame KRB-KRB} Rc8 26. Ra1 Rc7 27. a5 bxa5 28. Rxa5 Bf1 29. Bxa7 Bxg2 30. b4 Ke8 31. Bc5 Kd7 32. Kc3 Bf1 33. Kd4 Kc6 34. Ra8 e6 35. Bd6 Kb7 {[%csl Gd5,Gf1][%cal Rc7c4] [#]} 36. Bxc7 Kxa8 {KB-KB} 37. Kc5 Kb7 38. Kd6 Bd3 39. Bd8 h5 40. Ke7 Kc6 41. Kxf7 Kb5 $2 {[%mdl 8192] [#]} (41... Bf5 $16) 42. Be7 $2 (42. Kxe6 $18 Kxb4 43. Kf7) 42... Kc4 $2 {[%mdl 8192]} (42... Bf5 $16) 43. Kf6 $2 (43. Kxe6 $18 {and the rest is easy.} d4 44. exd4) 43... Kb5 $2 {[%mdl 8192]} (43... Bf5 $16) 44. Bc5 $2 (44. Kxe6 $18 Be4 45. Kf7) 44... Kc6 $2 {[%mdl 8192]} (44... Bf5 $14) 45. e4 dxe4 46. Kxg6 $4 {[%mdl 8192]} (46. Kxe6 $18 g5 47. Kf7) 46... Kb5 $4 {[%mdl 8192]} (46... e3+ $19 47. Kf7 e2) 47. Kg5 $2 (47. Kxh5 $18 {And now h4 would win.} e3 48. fxe3) 47... Kc4 $2 {[%mdl 8192]} (47... Be2 $14) 48. h3 $2 (48. Kxh5 $18 e3 49. fxe3) 48... Kb5 $2 {[%mdl 40960] Precision: White = 36%, Black = 31%. . An unexpected result.} (48... Bf1 $14) 1/2-1/2

[Event "Diamond Cement GM Open 2018"]
[Site "Chittagong"]
[Date "2018.09.05"]
[Round "5"]
[White "Neelash Saha"]
[Black "Md., Sharif Hossain"]
[Result "1-0"]
[WhiteElo "2373"]
[BlackElo "2182"]
[Annotator "TA"]
[PlyCount "109"]
[EventDate "2018.09.02"]
[EventCountry "BAN"]
[SourceTitle "playchess.com"]
[Source "ChessBase"]
[SourceQuality "1"]

{[%evp 20,109,47,61,101,93,93,87,104,65,111,105,167,137,148,123,135,108,104,106,182,175,180,177,201,206,263,256,264,263,311,134,126,119,109,114,114,110,108,110,109,94,94,95,95,95,95,96,102,102,102,102,104,104,403,388,394,391,381,379,598,585,666,638,1155,1085,1046,939,2951,2244,2513,1816,29976,29977,29977,29978,29977,29978,29986,29987,29989,29990,29990,29986,29986,29987,29987,29988,29988,29987,29987,29988]} 1. Nf3 Nf6 2. c4 e6 3. g3 d5 4. d4 Bb4+ 5. Bd2 Be7 6. Bg2 O-O 7. O-O dxc4 {E11: Damenindisch (Bogoljubow-Variante)} (7... Nbd7 8. b4 c6 9. a4 Bd6 10. Qc2 e5 11. cxd5 cxd5 12. dxe5 Nxe5 13. Bc3 Re8 14. Nbd2 Nxf3+ 15. Bxf3 Bh3 {½-½ (58) So,W (2778)-Karjakin,S (2782) Stavanger 2018}) 8. Qc2 a6 9. Qxc4 b5 10. Qc2 Bb7 11. Rc1 {LiveBook: 15 Partien} Nc6 12. e3 Nd5 13. a3 Rc8 $146 ({Vorgänger:} 13... b4 14. Be1 a5 15. Nbd2 {1-0 (36) Mityaev,S (1995)-Korinek,J (1787) LSS email 2012}) 14. Nc3 Nxc3 15. Bxc3 Bf6 (15... f6 $16 16. Ne1 Qd7) 16. Be1 Ba8 17. Nd2 Ne7 18. Bxa8 Rxa8 19. Qxc7 Rc8 (19... Qd5 $16) 20. Qxd8 $18 Rfxd8 21. Ne4 Nc6 22. Rc3 Be7 23. Rac1 Na7 24. Rc7 f5 25. Nd2 (25. R1c3 $18 {ist viel giftiger.} b4 26. axb4 (26. Rxe7 bxc3 27. Nxc3 Nb5 $16) 26... Bxb4 27. Rxa7 Bxc3 28. Nxc3) 25... Bd6 $16 26. Rxc8 Rxc8 27. Nb3 Rxc1 28. Nxc1 {[%mdl 4096] Endspiel KLS-KLS} Kf7 29. Nd3 Nc6 30. Kf1 e5 31. dxe5 Nxe5 32. Nxe5+ Bxe5 {KL-KL} 33. Bc3 Bd6 34. Ke2 g6 35. Kd3 Ke6 36. e4 fxe4+ $2 {[%mdl 8192] [#]} (36... Bc7 $16 37. f4 a5) 37. Kxe4 $18 Bc5 38. Bd4 Bd6 39. f4 h5 (39... b4 {war einen Versuch wert.} 40. a4 Bc7) 40. h3 {[%cal Bh2h3,Bh3g4,Bg4f5,Bf5f6,Bf6f7][%mdl 32]} a5 41. g4 hxg4 42. hxg4 Bf8 43. f5+ gxf5+ 44. gxf5+ Kd7 45. Kd5 a4 46. f6 {Weiß setzt Matt.} b4 47. axb4 Bxb4 48. Bc5 a3 49. bxa3 Bc3 50. f7 Bg7 51. a4 {[%cal Ba3a4,Ba4a5][%mdl 32]} Kc7 52. a5 Kb7 53. Ke6 Ka6 54. Bb4 Kb5 55. Kf5 {Precision: Weiß = 80%, Schwarz = 20%.} 1-0

[Event "Diamond Cement GM Open 2018"]
[Site "Chittagong"]
[Date "2018.09.05"]
[Round "5"]
[White "Islam, Kh. Aminul"]
[Black "Mohammad Minhaz Uddin"]
[Result "0-1"]
[WhiteElo "2273"]
[BlackElo "2328"]
[Annotator "TA"]
[PlyCount "110"]
[EventDate "2018.09.02"]
[EventCountry "BAN"]
[SourceTitle "playchess.com"]
[Source "ChessBase"]
[SourceQuality "1"]

{[%evp 10,110,26,25,58,45,56,50,67,27,32,20,57,24,32,19,52,34,77,26,66,24,22,28,40,22,25,14,13,17,18,13,28,30,48,31,46,0,0,-26,-30,-18,-18,-18,-19,-16,-15,-52,56,0,0,0,0,-63,-68,-92,-80,-80,-89,-97,-76,-95,-42,-42,-41,-66,-42,-56,-45,-69,-53,-53,-60,-61,-62,-52,-40,-78,-51,-53,-61,-133,-62,-63,-31,-35,-40,-51,-7,-7,0,0,0,0,0,0,0,-16,0,-8,-8,-29987,-29988]} 1. Nf3 Nf6 2. c4 e6 3. g3 b6 4. Bg2 Bb7 5. O-O d6 (5... Be7 6. b3 O-O 7. Bb2 d5 8. cxd5 exd5 9. d4 Ne4 10. Nc3 Nxc3 11. Bxc3 a5 12. Ne5 Nd7 13. Nd3 Bd6 14. e3 Qe7 15. Re1 Nf6 16. Qc2 Rfe8 17. Rad1 h5 18. f3 {1-0 (65) Ponomariov,R (2694)-Anton Guijarro,D (2666) Riadh 2017}) 6. Nc3 {LiveBook: 4 Games. A15: English Opening: 1...Nf6} g6 7. Re1 Bg7 8. e4 {White is slightly better.} e5 $146 ({Predecessor:} 8... Nbd7 9. d4 e5 10. d5 O-O 11. Bd2 c6 12. b4 cxd5 13. cxd5 Qe7 {1-0 (55) Kopylov,A (2281)-Arjun,V (2274) Chalkidiki 2007}) 9. d3 O-O 10. Bd2 Nfd7 11. b4 (11. Bg5 $5 {[%cal Rg5d8]} f6 12. Be3 $11) 11... Re8 12. Nd5 Nf8 13. h4 Bc8 14. Nh2 (14. Bg5 $16 f6 15. Bd2) 14... Nc6 15. Ng4 Bxg4 16. Qxg4 Nd4 {White should prevent ...Nc2.} 17. Rac1 c6 18. Ne3 h5 19. Qd1 $1 Bh6 20. Bh3 Qf6 21. Kg2 Kg7 22. Rf1 Nfe6 23. Bxe6 (23. b5 $5) 23... fxe6 24. Nc2 Bxd2 25. Qxd2 Qf3+ 26. Kh2 {[#]} Qxe4 $1 {[%mdl 512]} 27. Nxd4 (27. dxe4 Nf3+) 27... Qxd4 28. Rce1 {Hoping for Re4.} Qg4 ({Black should try} 28... d5 $1 $15 29. Qe2 a5) 29. c5 (29. f3 $14 Qf5 30. f4) 29... dxc5 30. bxc5 Qd4 31. Re4 ({Better is} 31. cxb6 $1 $11 axb6 32. Re4) 31... Qxc5 $15 32. Qe2 Rad8 33. Rxe5 Rd5 34. Re4 Qd6 35. Qb2+ Kh7 (35... e5 $17 36. Rfe1 c5) 36. d4 $1 Rf8 37. Kg1 Rf6 38. Rfe1 Kg7 39. Re5 Rxd4 {...Rd2 is the strong threat.} 40. Rxe6 $1 Rxe6 41. Rxe6 Qxe6 42. Qxd4+ {[%mdl 4096] Endgame KQ-KQ} Kh7 43. a4 Qd5 44. Qf4 Qd7 45. f3 (45. Qb8 $15) 45... c5 (45... a5 $17 46. Kg2 b5) 46. Kg2 a6 47. g4 hxg4 48. fxg4 b5 49. axb5 axb5 {White must now prevent ...Qe7.} 50. Qe4 b4 {aiming for ...Kg7.} 51. h5 Qd2+ 52. Kh3 Qc3+ 53. Kg2 Qb2+ 54. Kh3 Qf6 {Threatens to win with ...Kh6.} 55. Qd3 $2 {[%mdl 8192] [#]} (55. Kg2 $11) 55... Qc3 {Precision: White = 33%, Black = 40%.} 0-1

[Event "Diamond Cement GM Open 2018"]
[Site "Chittagong"]
[Date "2018.09.05"]
[Round "5"]
[White "Rahman, Md. Taibur"]
[Black "Rahman, Syed Mahfuzur"]
[Result "0-1"]
[WhiteElo "2217"]
[BlackElo "2201"]
[Annotator "TA"]
[PlyCount "70"]
[EventDate "2018.09.02"]
[EventCountry "BAN"]
[SourceTitle "playchess.com"]
[Source "ChessBase"]
[SourceQuality "1"]

{[%evp 11,70,-16,-10,-32,33,27,26,16,0,0,0,0,23,0,12,8,11,0,0,-6,-3,-20,-21,-19,-19,-16,-14,-14,-10,-17,-24,-38,-27,-22,-18,-39,-35,-35,-35,-33,-31,-37,-34,-40,-37,-100,-108,-120,-115,-559,-548,-538,-517,-696,-677,-29987,-29988,-29996,-29997,-29997,-412]} 1. d4 d5 2. c4 e6 3. Nc3 c6 4. cxd5 exd5 5. Nf3 Bf5 6. h3 {D31: Queen's Gambit Declined: Semi-Slav without ...Nf6 (+ Marshall Gambit and Noteboom) and Exchange Variation lines without ...Nf6} (6. Bf4 Bd6 7. Bxd6 Qxd6 8. e3 Ne7 9. Bd3 Bxd3 10. Qxd3 Nd7 11. O-O f5 12. b4 a6 13. a4 O-O 14. b5 cxb5 15. axb5 a5 16. Na4 b6 17. Rfc1 Rab8 18. Qb3 Rfc8 19. Nb2 Rxc1+ 20. Rxc1 {½-½ (35) Tregubov,P (2589)-Morozevich,A (2676) Moscow 2017}) 6... Bd6 {LiveBook: 6 Games} 7. Bg5 f6 (7... Qb6 $15) 8. Bd2 $146 {White is slightly better.} ({Predecessor:} 8. Bh4 Ne7 9. e3 Ng6 10. Bd3 Bxd3 11. Qxd3 Nd7 12. O-O O-O {½-½ (29) Martinez,L-Sanchez,A Merida 2000}) 8... Ne7 9. e3 Nd7 {[%cal Bb8d7,Bd7f6,Bf6e4][%mdl 32]} 10. Nh4 Be6 11. Bd3 f5 12. Qc2 {[%cal Rh4f5]} g6 13. Nf3 Nf6 14. Ne5 Ne4 15. Ne2 Qc7 16. f4 Ng8 {[%cal Be7g8,Bg8f6,Bf6e4][%mdl 32]} 17. O-O Nxd2 18. Qxd2 Nf6 19. a3 Ne4 20. Qc2 O-O 21. Rfc1 Rfc8 22. b4 a5 23. Qb3 Qe7 $36 {[%cal Ra5b4][%mdl 2048] Black fights for an advantage.} 24. bxa5 Rxa5 {[%cal Rd6a3]} 25. a4 Rca8 26. Rc2 Kg7 27. Rb2 R8a7 28. Qc2 (28. Rba2 $15) 28... Ba3 $17 {[%cal Bd6a3,Ba3c1,Bc1e3,Be3g1][%mdl 32]} 29. Rba2 Rxa4 30. Nc1 $2 {[%mdl 8192] [#]} (30. Qb3 $17 {is more resistant.}) 30... Bxc1 $1 $19 {[%mdl 512]} 31. Rxa4 (31. Rxc1 Rxa2) 31... Bxe3+ 32. Kh1 Rxa4 33. Rxa4 {White hopes to continue with Bxe4.} Qh4 {Black mates.} 34. Bxe4 Qe1+ 35. Kh2 Bg1+ {Precision: White = 44%, Black = 69%.} 0-1

[Event "Diamond Cement GM Open 2018"]
[Site "Chittagong"]
[Date "2018.09.05"]
[Round "5"]
[White "Mehdi Hasan Parag"]
[Black "Abu Sufian, Shakil"]
[Result "1-0"]
[WhiteElo "2180"]
[BlackElo "2247"]
[Annotator "TA"]
[PlyCount "83"]
[EventDate "2018.09.02"]
[EventCountry "BAN"]
[SourceTitle "playchess.com"]
[Source "ChessBase"]
[SourceQuality "1"]

{[%evp 29,83,33,31,0,43,40,45,0,0,0,29,18,18,27,50,44,81,75,60,40,96,81,162,138,270,244,728,696,701,671,641,606,817,789,1410,1355,1391,1357,1356,1349,1400,955,1441,940,894,831,791,739,763,667,1770,1751,1646,1608,1493,1465]} 1. e4 c5 2. Nf3 d6 3. d4 cxd4 4. Nxd4 Nf6 5. Nc3 g6 6. Be3 Bg7 7. f3 O-O 8. Qd2 Nc6 9. O-O-O d5 10. Qe1 e5 11. Nxc6 bxc6 12. exd5 Nxd5 13. Bc4 Be6 14. Ne4 Qc7 15. Bc5 Rfd8 {LiveBook: 121 Games} 16. Kb1 {B76: Sicilian Dragon: Yugoslav Attack, 9 g4 and 9 0-0-0} (16. Qh4 h6 17. g4 Nf4 18. Bxe6 Nxe6 19. Qe7 Qa5 20. Rxd8+ Rxd8 21. Qxa7 Qxa7 22. Bxa7 Ra8 23. Be3 Rxa2 24. Kb1 {1-0 (45) Guseinov,G (2654)-Asadli,V (2470) Nakhchivan 2018}) 16... h6 (16... f5 $5 {[%cal Rf5e4]} 17. Ng5 Bc8 $11) 17. g4 $146 ({Predecessor:} 17. Ba3 Nf4 18. Bd6 Qb6 19. Bxe6 Nxe6 20. Qc3 Nd4 21. Be7 Rdc8 22. Bf6 Bxf6 23. Nxf6+ Kg7 {1-0 (54) Folkova,M (2145)-Matickova,V Klatovy 1998}) 17... Nf4 18. Qc3 {White wants to play Bd6.White is slightly better.} Bd5 19. Rhg1 Rac8 20. h4 {[%cal Bh2h4,Bh4g5,Bg5f6][%mdl 32]} Ne6 21. Bb4 Rd7 22. Ba6 Re8 23. Ba5 $36 {[%mdl 2048] Black is under strong pressure.} Qb8 24. g5 {[#] Black must now prevent gxh6.} hxg5 ({Black should play} 24... h5 $1 $14) 25. hxg5 $16 Nd4 (25... c5 $16) 26. Rh1 $18 Nb5 (26... c5 $16) 27. Qe3 {aiming for Nf6+.} Nd6 $2 (27... Rd6 28. Nf6+ (28. Nxd6 Nxd6 29. Qa3 Nb5 $16) 28... Rxf6 29. gxf6 Bxf6) 28. Nf6+ {White is clearly winning.} Bxf6 29. gxf6 Nf5 {[#]} 30. Rd2 $3 {[%mdl 512] Threatening mate with Rdh2!} Qd6 31. Qg5 {White threatens Rdh2 and mate.} e4 32. Rdh2 Qxh2 33. Rxh2 exf3 34. b3 Be4 35. Bc4 {White wants to mate with Qxg6+.} Bd5 36. Bxd5 Rxd5 37. Bb4 Re2 38. Rh1 Rd4 39. Bc3 f2 40. Bxd4 Re1+ 41. Kb2 Rxh1 42. Bxf2 {Precision: White = 80%, Black = 35%.} 1-0

[Event "Diamond Cement GM Open 2018"]
[Site "Chittagong"]
[Date "2018.09.05"]
[Round "5"]
[White "Subrota, Biswas"]
[Black "Dhar-Barua, Saheli"]
[Result "1/2-1/2"]
[WhiteElo "2168"]
[BlackElo "2027"]
[Annotator "TA"]
[PlyCount "50"]
[EventDate "2018.09.02"]
[EventCountry "BAN"]
[SourceTitle "playchess.com"]
[Source "ChessBase"]
[SourceQuality "1"]

{[%evp 10,50,35,59,103,96,101,62,40,43,97,112,100,97,157,177,185,182,195,199,174,167,203,204,189,187,275,209,203,32,55,43,38,-7,-9,-27,-33,-69,0,-11,-18,-143,-141]} 1. Nf3 {[%cal Bg1f3,Bf3g5,Bg5h7][%mdl 32]} f5 2. d3 Nf6 3. e4 fxe4 4. dxe4 Nxe4 5. Bd3 Nf6 6. Ng5 {LiveBook: 7 Games. Black must now prevent Nxh7!} Nc6 {[#] A04: Unusual lines after 1 Nf3 and King's Indian Attack} (6... g6 7. h4 d5 8. h5 Bg4 9. f3 Bxh5 10. g4 Qd6 11. gxh5 Nxh5 12. Nc3 Nc6 13. f4 Nxf4 14. Qf3 Nxd3+ 15. cxd3 {1-0 (24) Kazakovskiy,V (2323)-Kantans,T (2496) Stockholm 2016}) 7. Nxh7 $1 {[%cal Rd3g6][%mdl 512]} Ne5 (7... Nxh7 8. Bg6#) 8. f4 Nxd3+ $146 {White is slightly better.} ({Predecessor:} 8... Nf7 9. Ng5 Rh6 10. g4 e6 11. Nxf7 Kxf7 12. g5 Nd5 13. c4 Bb4+ 14. Kf1 {1-0 (14) Vega Gomez,F (2220)-Tirado Parra,A (1890) Tres Cantos 2011}) 9. Qxd3 {[%cal Rd3g6]} e6 (9... d5 $1 $14 10. Qg6+ Kd7) 10. Ng5 $1 $40 {[%mdl 128] Hoping for Qg6+. White wants a kill.} (10. Qg6+ $6 Ke7 $11) 10... Rh6 11. Nc3 Bb4 ({Black should play} 11... b6) 12. Bd2 Qe7 13. O-O-O $1 Bxc3 14. Qxc3 ({Not} 14. bxc3 Kf8 $11) ({But not} 14. Bxc3 $6 d6 $16) 14... Nd5 15. Qd3 {f5 is the strong threat.} b6 {[#]} 16. f5 $1 Bb7 17. fxe6 dxe6 (17... O-O-O {keeps fighting.} 18. Nf7 Rxe6) 18. c4 Nf6 {[#]} 19. Qe2 $2 ({Resist} 19. Nxe6 $6 Be4 $16) (19. Rhe1 $1 $18 {[%cal Re1e6]} Rd8 20. Qg3) 19... e5 20. Bc3 Nd7 21. Nf3 {[%cal Rf3e5]} (21. Rxd7 {with more complications.} Qxg5+ 22. Qd2 Qxg2 23. Rd1 Qxd2+ 24. R1xd2 Rxh2 25. Rxc7 Rxd2 26. Bxd2 Bf3 27. Rxg7 O-O-O 28. Re7) 21... O-O-O 22. Kb1 Re8 23. Rd2 c5 (23... Nc5 $15) 24. Rhd1 Bc6 25. h3 (25. Rd3 $11 {keeps the balance.}) 25... e4 {Precision: White = 49%, Black = 40%.} 1/2-1/2